Statystyki dla Państwa najbliższe Mongolii

Kliknij tutaj aby rozwiązać quiz!

Ogólne statystyki

  • Ten quiz został rozwiązany 192 razy
  • Średni wynik to 13 z 15

Statystyki odpowiedzi

kmPaństwo% Poprawnych
0Rosja
100%
0Chiny
98%
32Kazachstan
95%
774Korea Północna
95%
1 102Korea Południowa
94%
1 629Japonia
92%
1 470-1 066 *Indie
91%
1 563Tadżykistan
85%
942Kirgistan
84%
1 607Uzbekistan
84%
1 645Pakistan
81%
1 832Nepal
79%
1 718Bhutan
78%
1 593Afganistan
73%
1 568Mjanma
66%

Rozkład punktacji

Percentyl według liczby udzielonych odpowiedzi

Procent ludzi z każdym wynikiem

Twoja historia wyników

Nie rozwiązałeś tego quizu